000 01051nam a2200265Ia 4500
003 OSt
005 20220918110836.0
006 a|||||r|||| 00| 0
007 ta
008 220915b |||||||| |||| 00| 0 hin d
020 _a9788181292952 (hbk (Set))
_c2650
024 _a278433
037 _b1861, 16/07/2012, Kiran Book Service
_cReference Collections
040 _aARTS
_cARTS
_bhin
041 _2hin
_ahin
082 _aO152,1N11:g, Q0.1-.4(RR)
100 _aपाण्डेय, सुरेश चन्द्र
_99813
245 0 _aअज्ञेय - साहित्य विमर्श
246 _aAjnyeya - sāhitya vimarsha
260 _aनई दिल्ली
_bनमन प्रकाशन भारत
_c2010
490 _vभाग 1
650 _aहिन्दी साहित्य
942 _hO152,1N11:g, Q0.1-.4(RR)
_cREF
999 _c115178
_d115178